Pays Membres de l'Union Européenne - Statistiques

Statistiques générales
  • Ce quiz a été pris 169 fois
  • Le résultat moyen est 25 sur 27
Réponses sur la Carte
Les réponses sont colorées sur une échelle allant du rouge au vert en fonction du pourcentage des utilisateurs qui les ont devinées à leur premier essai. Vous pouvez retrouver ces pourcentages ci-dessous.
 
Statistiques - réponses
Réponse % Correct
France
100%
Italie
100%
Allemagne
99%
Espagne
99%
Portugal
99%
Belgique
98%
Grèce
97%
Pays-Bas
95%
Irlande
94%
Luxembourg
94%
Suède
94%
Autriche
93%
Croatie
93%
Finlande
93%
Pologne
93%
Roumanie
93%
Slovaquie
92%
Danemark
91%
Hongrie
91%
Slovénie
91%
Estonie
90%
Lettonie
90%
Lituanie
89%
République tchèque
85%
Bulgarie
83%
Malte
79%
Chypre
62%
Aucun quiz correspondant
Distribution des résultats
% des personnes avec chaque résultat
Percentile par nombre de réponses
Votre historique - résultats
Vous n’avez pas pris ce quiz